000 00311nam a2200109Ia 4500
008 171211s9999 xx 000 0 und d
245 _aSouthern Crucifix, Southern Cross
245 _cDr. Andrew Henry Stern Ph.D.
260 _c2012
650 _xReligion
856 _uhttp://down.ebook777.com/063/0817317740.pdf
999 _c350479
_d350479